The Outcasts. (Record no. 3398)

MARC details
000 -LEADER
fixed length control field 00335nam a22001217a 4500
005 - DATE AND TIME OF LATEST TRANSACTION
control field 20201130155712.0
008 - FIXED-LENGTH DATA ELEMENTS--GENERAL INFORMATION
fixed length control field 201130b ||||| |||| 00| 0 eng d
020 ## - INTERNATIONAL STANDARD BOOK NUMBER
International Standard Book Number 0340882123
040 ## - CATALOGING SOURCE
Transcribing agency CML
245 ## - TITLE STATEMENT
Title The Outcasts.
Statement of responsibility, etc. Matthews L.S.
260 ## - PUBLICATION, DISTRIBUTION, ETC.
Place of publication, distribution, etc. Great Britain
Name of publisher, distributor, etc. Hodder Children Books
Date of publication, distribution, etc. 2004
942 ## - ADDED ENTRY ELEMENTS (KOHA)
Source of classification or shelving scheme Dewey Decimal Classification
Koha item type Books
Edition 1st Edition
Call number prefix F/MAT
Call number suffix MAT
Holdings
Withdrawn status Lost status Source of classification or shelving scheme Damaged status Not for loan Home library Current library Date acquired Total Checkouts Full call number Barcode Date last seen Copy number Price effective from Koha item type
    Dewey Decimal Classification     Chalimbana Main Library Chalimbana Main Library 11/30/2020   F/MAT 9780340882122 11/30/2020 1 11/30/2020 Books

Powered by Koha